Die mutter als erzieherin ; (Record no. 18696)

MARC details
000 -LEADER
fixed length control field 00615nam a22001931 4500
001 - CONTROL NUMBER
control field e 08000512
003 - CONTROL NUMBER IDENTIFIER
control field DLC
005 - DATE AND TIME OF LATEST TRANSACTION
control field 20260227111149.0
008 - FIXED-LENGTH DATA ELEMENTS--GENERAL INFORMATION
fixed length control field 780301s1907 gw 00010 ger c
010 ## - LIBRARY OF CONGRESS CONTROL NUMBER
LC control number e 08000512
035 ## - SYSTEM CONTROL NUMBER
System control number ocl73639544
040 ## - CATALOGING SOURCE
Original cataloging agency U.S. Office of Education. Library
Transcribing agency WMaUCS
050 0# - LIBRARY OF CONGRESS CALL NUMBER
Classification number LC37
Item number .S38
100 10 - MAIN ENTRY--PERSONAL NAME
Personal name Schulz, Heinrich,
Dates associated with a name 1872-
245 14 - TITLE STATEMENT
Title Die mutter als erzieherin ;
Remainder of title kleine beiträge zur praxis der proletarischen hauserziehung,
Statement of responsibility, etc. von Heinrich Schulz.
260 0# - PUBLICATION, DISTRIBUTION, ETC.
Place of publication, distribution, etc. Stuttgart,
Name of publisher, distributor, etc. J. H. W. Dietz nachf.,
Date of publication, distribution, etc. 1907.
300 ## - PHYSICAL DESCRIPTION
Extent 72 p.
Dimensions 18 cm.
650 #0 - SUBJECT ADDED ENTRY--TOPICAL TERM
Topical term or geographic name entry element Domestic education.

No items available.

Powered by Koha